Ereignisse der deutschen Geschichte 1 - Statistiken

Allgemein
  • Dieses Quiz wurde 70 mal gespielt
  • Das Durchschnittsergebnis liegt bei 5 aus 15
Antwortstatistiken
Hint Antwort % Korrekt
9. November 1989 Mauerfall
86%
3. Oktober 1990 Wiedervereinigung
75%
8. Mai 1945 Kriegsende 2. Weltkrieg in Europa
54%
11. November 1918 Kriegsende 1. Weltkrieg
49%
12. auf 13. August 1961 Mauerbau
47%
23. Mai 1949 Gründung Bundesrepublik
39%
30. Januar 1933 Machtergreifung der Nazis
37%
7. Oktober 1949 Gründung DDR
32%
15. September 1935 Nürnberger Gesetze
19%
18. Januar 1871 Reichsgründung
19%
17. Juni 1953 Volksaufstand in der DDR
15%
9. auf 10. November 1938 Reichspogromnacht
14%
14. Juni - 23. August 1866 Deutscher Krieg
8%
9. November 1848 Ermordung Robert Blums
3%
9. November 1918 Matrosenaufstand
2%
Keine übereinstimmenden Quizze gefunden
Verteilung der Resultate
Anzahl Personen mit jedem Resultat
Perzentil nach korrekt beantworteten Fragen
Ihre Resultats-Entwicklung
Sie haben dieses Quiz noch nicht gespielt